Language policy on the ground in Norwegian kindergartens (Record no. 193616)

MARC details
000 -LEADER
fixed length control field 01616nam a22001937a 4500
005 - DATE AND TIME OF LATEST TRANSACTION
control field 20241227120610.0
008 - FIXED-LENGTH DATA ELEMENTS--GENERAL INFORMATION
fixed length control field 241227b |||||||| |||| 00| 0 eng d
040 ## - CATALOGING SOURCE
Transcribing agency LDD
100 ## - MAIN ENTRY--PERSONAL NAME
Personal name Bjorhusdal, Eli
245 ## - TITLE STATEMENT
Title Language policy on the ground in Norwegian kindergartens
260 ## - PUBLICATION, DISTRIBUTION, ETC.
Place of publication, distribution, etc. Elsevier, 2024
300 ## - PHYSICAL DESCRIPTION
Other physical details p. 1-15
490 ## - Journal
Journal Journal Of Linguistics And Education
Volume/sequential designation Vol. 81
500 ## - GENERAL NOTE
General note The study explores literacy conditions for preschool children acquiring Nynorsk, a lesser used Norwegian written language. Norway has no official language policy for the use of Nynorsk and Bokmål, the majority written language, in preschool education. By observing when and how Nynorsk, Bokmål, and other varieties are involved in activities where texts and print play a role, we examine language policy appropriation in kindergartens in a community where the children are going to have Nynorsk as first written language when they attend formal education. The study shows that the predominant literacy practices create spaces for kindergarten staff's language policy agency, but that their choices are limited – especially by textual artefacts. Teacher-made materials are often in Nynorsk, while materials from the outside are in Bokmål. The lack of official language policy results in kindergarten staff being the ones, if anyone, to ensure written language stimulation for ‘the Nynorsk children’.
650 ## - SUBJECT ADDED ENTRY--TOPICAL TERM
Topical term or geographic name entry element Language Policy
700 ## - ADDED ENTRY--PERSONAL NAME
Personal name Klove Juuhl, Gudrun
856 ## - ELECTRONIC LOCATION AND ACCESS
Link text click here to access online
Uniform Resource Identifier <a href="https://www.sciencedirect.com/science/article/pii/S0898589824000275">https://www.sciencedirect.com/science/article/pii/S0898589824000275</a>
942 ## - ADDED ENTRY ELEMENTS (KOHA)
Source of classification or shelving scheme Dewey Decimal Classification
Koha item type Article
Holdings
Date last seen Total checkouts Price effective from Koha item type Lost status Source of classification or shelving scheme Damaged status Not for loan Withdrawn status Home library Current library Date acquired
12/27/2024   12/27/2024 Article   Dewey Decimal Classification       Library and Documentation Division NCERT Library and Documentation Division NCERT 12/27/2024